000 01081nas a2200265Ia 4500
001 R026/43487
003 IT-RoPAU
008 151124c99999999xx |||||||||||| ||und||
040 _aIT-RoPAU
040 _cIT-RoPAU
041 _aITALIANO
100 _aAA.VV.
_gCodice Aut. SPICS: 12000
210 _aNOSTRO CINEMA (IL)
222 _aNostro Cinema (Il)
245 _aNOSTRO CINEMA (IL), ANNO 12-N.138/139 (AGOSTO/SETTEMB.1974)
_bNostro Cinema (Il), Anno 12-N.138/139 (Agosto/Settemb.1974)
250 _a1a ed.
260 _aROMA
_bACEC
_c1974
501 _bPaulus - SPICS - Società San Paolo EM (non-commercial uses only)
_cCopyright2015
300 _a4 p.
310 _aMENSILE
362 _aANNO 012, N.138/139 (AGOSTO/SETTEMB.1974)
500 _aProfezia e Azione: Dibattito Sull'Associazionismo Culturale. Testimonianzesul 25[ dell'Acec. Brevi Note Critiche dei Film: Giordano Bruno di Giuliano Montaldo, Amarcord di Federico Fellini, American Graffiti di George Lucas, il Dormiglione di Woody Allen,
650 _aCINEMA
_vPUBBLICAZIONE PERIODICA
942 _cCR
999 _c131116
_d131116